[Event "TV Borken 1 - SC Steinfurt 1"]
[Site "Verbandsliga 2017/2018"]
[Date "2018.01.20"]
[Round "5.1"]
[White "Grälken, Matthias"]
[Black "Schulze-Schwering, Philipp"]
[Result "1/2-1/2"]
[WhiteElo "2043"]
[BlackElo "2077"]
[PlyCount "48"]
[EventDate "2018.??.??"]
[SourceTitle "Verband Muensterland"]
[SourceDate "2017.09.16"]
[SourceVersion "1"]
[SourceVersionDate "2017.09.16"]
[SourceQuality "1"]

1. c4 Nf6 2. g3 e6 3. Nf3 d5 4. b3 c5 5. Bg2 Nc6 6. O-O d4 7. e3 Be7 8. exd4
cxd4 9. Re1 O-O 10. a3 a5 11. Ne5 Nxe5 12. Rxe5 Nd7 13. Re1 Nc5 14. d3 Qb6 15.
b4 axb4 16. Bb2 Rd8 17. axb4 Rxa1 18. Bxa1 Qxb4 19. Re2 Na4 20. Ra2 Nc3 21.
Nxc3 dxc3 22. Qc2 Bf6 23. Ra4 Qd6 24. Bxc3 Bd7 1/2-1/2

[Event "TV Borken 1 - SC Steinfurt 1"]
[Site "Verbandsliga 2017/2018"]
[Date "2018.01.20"]
[Round "5.2"]
[White "Beckmann, David"]
[Black "Freitag, Julia"]
[Result "1-0"]
[WhiteElo "2009"]
[BlackElo "2084"]
[PlyCount "41"]
[EventDate "2018.??.??"]
[SourceTitle "Verband Muensterland"]
[SourceDate "2017.09.16"]
[SourceVersion "1"]
[SourceVersionDate "2017.09.16"]
[SourceQuality "1"]

1. Nf3 d5 2. c4 e6 3. g3 f5 4. Bg2 Nf6 5. O-O c6 6. b3 Bd6 7. Bb2 O-O 8. cxd5
exd5 9. Nc3 f4 10. Qc2 Qe8 11. e3 fxg3 12. hxg3 Qh5 13. Nh2 Ng4 14. Nxg4 Bxg4
15. f4 g5 16. Nxd5 cxd5 17. Bxd5+ Rf7 18. fxg5 Qh3 19. Bxf7+ Kf8 20. Be6+ Ke7
21. Rf7+ 1-0

[Event "TV Borken 1 - SC Steinfurt 1"]
[Site "Verbandsliga 2017/2018"]
[Date "2018.01.20"]
[Round "5.3"]
[White "Arning, Marcus"]
[Black "Schroer, Klaus"]
[Result "1-0"]
[WhiteElo "1893"]
[BlackElo "1998"]
[PlyCount "39"]
[EventDate "2018.??.??"]
[SourceTitle "Verband Muensterland"]
[SourceDate "2017.09.16"]
[SourceVersion "1"]
[SourceVersionDate "2017.09.16"]
[SourceQuality "1"]

1. e4 e5 2. Nf3 Nc6 3. Bb5 Nge7 4. O-O g6 5. c3 Bg7 6. d4 exd4 7. cxd4 O-O 8.
d5 Ne5 9. Nxe5 Bxe5 10. f4 Bg7 11. f5 c6 12. Bd3 cxd5 13. fxg6 fxg6 14. exd5
Nxd5 15. Bc4 Rxf1+ 16. Qxf1 Qa5 17. Nc3 Qc5+ 18. Kh1 Bxc3 19. bxc3 b5 20. Ba3
1-0

[Event "TV Borken 1 - SC Steinfurt 1"]
[Site "Verbandsliga 2017/2018"]
[Date "2018.01.20"]
[Round "5.4"]
[White "Farwick, Christian"]
[Black "Wild, Helmut"]
[Result "0-1"]
[WhiteElo "1827"]
[BlackElo "1837"]
[PlyCount "94"]
[EventDate "2018.??.??"]
[SourceTitle "Verband Muensterland"]
[SourceDate "2017.09.16"]
[SourceVersion "1"]
[SourceVersionDate "2017.09.16"]
[SourceQuality "1"]

1. Nf3 c5 2. c3 Nf6 3. d4 e6 4. Bf4 Nc6 5. e3 d5 6. Nbd2 b6 7. Bb5 Bd7 8. h3 a6
9. Bd3 Be7 10. O-O c4 11. Bc2 O-O 12. e4 b5 13. e5 Nh5 14. Bh2 g6 15. g4 Ng7
16. b4 a5 17. a3 h5 18. Bf4 Kh7 19. Kg2 Rh8 20. Rh1 Kg8 21. g5 Kh7 22. h4 Qc7
23. Qb1 Rhb8 24. Qb2 Bd8 25. Rhb1 Be7 26. Nf1 Rb6 27. Ra2 Rba6 28. Rba1 Qa7 29.
Bb1 Qb7 30. Bd2 R8a7 31. Ne3 Qa8 32. Kg3 Nb8 33. Ne1 Bc8 34. N1c2 Nd7 35. f4
Nb6 36. Ne1 Na4 37. Qc2 Bd7 38. Kg2 Qf8 39. Kh3 Ne8 40. Nd1 Nc7 41. Nb2 axb4
42. axb4 Qa8 43. Nxa4 Rxa4 44. Rxa4 Rxa4 45. Rxa4 bxa4 46. Qa2 a3 47. Bc2 Ba4
0-1

[Event "TV Borken 1 - SC Steinfurt 1"]
[Site "Verbandsliga 2017/2018"]
[Date "2018.01.20"]
[Round "5.5"]
[White "Janning, Rainer"]
[Black "Rickert, Berthold"]
[Result "1/2-1/2"]
[WhiteElo "1901"]
[BlackElo "1727"]
[PlyCount "76"]
[EventDate "2018.??.??"]
[SourceTitle "Verband Muensterland"]
[SourceDate "2017.09.16"]
[SourceVersion "1"]
[SourceVersionDate "2017.09.16"]
[SourceQuality "1"]

1. f4 g6 2. Nf3 Bg7 3. d3 d5 4. c3 Nf6 5. g3 c6 6. Bg2 O-O 7. O-O Qb6+ 8. Kh1
Nbd7 9. d4 Ne4 10. Nbd2 Ndf6 11. Ne5 Bf5 12. e3 Rad8 13. Nb3 Qc7 14. g4 Bc8 15.
g5 Nd7 16. Ng4 f6 17. Bxe4 dxe4 18. h4 f5 19. Nf2 c5 20. Nd2 b6 21. Kg2 e6 22.
Qe2 Bb7 23. Kg3 Kf7 24. b3 Rfe8 25. Ba3 Nb8 26. Rfc1 Ba6 27. Qe1 Nd7 28. Nd1
Qb8 29. Bb2 Rh8 30. Nf2 h5 31. Nh3 Rc8 32. Ng1 Rc7 33. Ne2 Rhc8 34. Kf2 Qb7 35.
Nf1 b5 36. Qd2 Nb6 37. Ba3 Bf8 38. Bb2 Bg7 1/2-1/2

[Event "TV Borken 1 - SC Steinfurt 1"]
[Site "Verbandsliga 2017/2018"]
[Date "2018.01.20"]
[Round "5.6"]
[White "Bohn, Andreas"]
[Black "Raue, Thorsten"]
[Result "1-0"]
[WhiteElo "1829"]
[BlackElo "1835"]
[PlyCount "69"]
[EventDate "2018.??.??"]
[SourceTitle "Verband Muensterland"]
[SourceDate "2017.09.16"]
[SourceVersion "1"]
[SourceVersionDate "2017.09.16"]
[SourceQuality "1"]

1. g3 c5 2. Nf3 Nc6 3. c4 Nf6 4. Nc3 g6 5. Bg2 Bg7 6. O-O O-O 7. d3 d6 8. Bg5
h6 9. Bd2 e6 10. a3 d5 11. cxd5 exd5 12. Rb1 Qe7 13. Qc1 Kh7 14. Re1 Be6 15. e4
d4 16. Nd5 Qd6 17. Nxf6+ Bxf6 18. Bxh6 Rfe8 19. Ng5+ Bxg5 20. Bxg5 Rac8 21. Bf6
Qf8 22. e5 Bf5 23. Qd1 b5 24. Be4 Qh6 25. h4 Ne7 26. Qb3 c4 27. Qxb5 c3 28.
bxc3 dxc3 29. Rbc1 Bxe4 30. dxe4 Ng8 31. Qb3 Nxf6 32. exf6 Rxe4 33. Qxf7+ Kh8
34. Qg7+ Qxg7 35. fxg7+ 1-0

[Event "TV Borken 1 - SC Steinfurt 1"]
[Site "Verbandsliga 2017/2018"]
[Date "2018.01.20"]
[Round "5.7"]
[White "Yust, Evgeniy"]
[Black "Wagner, Nils-Frederic"]
[Result "1-0"]
[WhiteElo "1877"]
[BlackElo "1725"]
[PlyCount "103"]
[EventDate "2018.??.??"]
[SourceTitle "Verband Muensterland"]
[SourceDate "2017.09.16"]
[SourceVersion "1"]
[SourceVersionDate "2017.09.16"]
[SourceQuality "1"]

1. e4 d5 2. e5 c5 3. d3 Nc6 4. f4 e6 5. Nf3 Qb6 6. g3 Nge7 7. Bg2 Nf5 8. g4
Nfd4 9. Nbd2 Be7 10. c3 Nxf3+ 11. Nxf3 Bd7 12. O-O O-O 13. Qe2 Rae8 14. Bd2 Qc7
15. Be1 Qd8 16. Bg3 Bc8 17. Rae1 d4 18. c4 Bd7 19. Nd2 f5 20. exf6 gxf6 21. h4
f5 22. g5 Bd6 23. Qh5 Qe7 24. Rf2 Qg7 25. Qf3 Re7 26. a3 a5 27. Rfe2 Rfe8 28.
Bh3 Nd8 29. h5 Bc6 30. Qf2 Qf7 31. h6 Qh5 32. Bh4 Qg6 33. b4 axb4 34. axb4 b6
35. b5 Bb7 36. Nf1 Nf7 37. Ng3 Kf8 38. Ra2 Bb8 39. Bg2 Bxg2 40. Kxg2 Bc7 41.
Qf3 e5 42. fxe5 Rxe5 43. Rxe5 Nxe5 44. Qxf5+ Qxf5 45. Nxf5 Nxd3 46. Ra7 Rc8 47.
Bg3 Nf4+ 48. Bxf4 Bxf4 49. Rxh7 Kg8 50. Rg7+ Kh8 51. Ne7 Rd8 52. Ng6# 1-0

[Event "TV Borken 1 - SC Steinfurt 1"]
[Site "Verbandsliga 2017/2018"]
[Date "2018.01.20"]
[Round "5.8"]
[White "Theißen, Frank"]
[Black "Schmitz, Carolin"]
[Result "1-0"]
[WhiteElo "1774"]
[BlackElo "1590"]
[PlyCount "67"]
[EventDate "2018.??.??"]
[SourceTitle "Verband Muensterland"]
[SourceDate "2017.09.16"]
[SourceVersion "1"]
[SourceVersionDate "2017.09.16"]
[SourceQuality "1"]

1. e4 e5 2. Nf3 Nc6 3. Bc4 Bc5 4. d3 h6 5. O-O Nf6 6. Re1 O-O 7. c3 d6 8. h3
Bd7 9. Bb3 Qc8 10. Be3 Bb6 11. Nbd2 Ne7 12. Nf1 Ng6 13. Ng3 c6 14. Kh2 Bc7 15.
Qd2 Kh7 16. Bc2 Rh8 17. Rad1 Kg8 18. d4 Qe8 19. Kg1 Rd8 20. b4 Be6 21. a4 a6
22. a5 exd4 23. Nxd4 Qd7 24. f4 Bc4 25. Ngf5 Ne7 26. Nxe7+ Qxe7 27. Bf2 Ne8 28.
Nf5 Qd7 29. e5 Be6 30. Nxd6 Bxd6 31. exd6 Qxd6 32. Qxd6 Rxd6 33. f5 Bd7 34.
Rxe8+ 1-0

[Event "SF Olfen 1 - SF Telgte 1"]
[Site "Verbandsliga 2017/2018"]
[Date "2018.01.20"]
[Round "5.1"]
[White "Lodde, Martin"]
[Black "Koke, Christoph"]
[Result "0-1"]
[WhiteElo "1962"]
[BlackElo "2075"]
[PlyCount "114"]
[EventDate "2018.??.??"]
[SourceTitle "Verband Muensterland"]
[SourceDate "2017.09.16"]
[SourceVersion "1"]
[SourceVersionDate "2017.09.16"]
[SourceQuality "1"]

1. d4 Nf6 2. Nf3 e6 3. g3 c5 4. Bg2 Nc6 5. O-O d5 6. c4 dxc4 7. Qa4 Qa5 8. Qxc4
cxd4 9. Nxd4 Nxd4 10. Qxd4 Bc5 11. Qc4 O-O 12. Bd2 Qb6 13. Nc3 Bd7 14. Bg5 Rfc8
15. Qb3 Qxb3 16. axb3 Bc6 17. Rfd1 Ng4 18. Rf1 h6 19. Bc1 Bxg2 20. Kxg2 Rd8 21.
h3 Ne5 22. Na4 Be7 23. Be3 Nc6 24. Rfd1 Kf8 25. Rxd8+ Rxd8 26. Rc1 Ke8 27. Nc5
Bxc5 28. Rxc5 Kd7 29. Kf1 b6 30. Rc3 Rc8 31. Ke1 Nb4 32. Rxc8 Kxc8 33. Kd1 f6
34. Bd2 Nc6 35. b4 Nd4 36. e3 Nb5 37. Kc2 Kd7 38. Kd3 Kc6 39. e4 Nd6 40. f3 Kb5
41. Kc3 Nc4 42. Bf4 e5 43. Bc1 Nd6 44. Bd2 Nf7 45. h4 Nd8 46. Kb3 Ne6 47. Be3
g5 48. hxg5 hxg5 49. Kc3 Nd8 50. f4 gxf4 51. gxf4 Nc6 52. f5 Nxb4 53. Bh6 Na6
54. b4 Nb8 55. Bf8 Nd7 56. Be7 a6 57. Kb2 Kc4 0-1

[Event "SF Olfen 1 - SF Telgte 1"]
[Site "Verbandsliga 2017/2018"]
[Date "2018.01.20"]
[Round "5.2"]
[White "Bösel, Alexander"]
[Black "Kuhlenbäumer, Willi"]
[Result "1-0"]
[WhiteElo "2000"]
[BlackElo "1925"]
[PlyCount "99"]
[EventDate "2018.??.??"]
[SourceTitle "Verband Muensterland"]
[SourceDate "2017.09.16"]
[SourceVersion "1"]
[SourceVersionDate "2017.09.16"]
[SourceQuality "1"]

1. e4 e6 2. d4 d5 3. Nd2 c5 4. exd5 exd5 5. Ngf3 Nf6 6. Bb5+ Nc6 7. O-O Be7 8.
dxc5 O-O 9. Bxc6 bxc6 10. b4 Bg4 11. Bb2 a5 12. a3 axb4 13. axb4 Rb8 14. Ra4
Qd7 15. Qa1 Bxf3 16. Nxf3 Nh5 17. Ne5 Qc8 18. Re1 Bg5 19. Qd1 g6 20. Bc3 f6 21.
Ng4 Nf4 22. Ra7 Rf7 23. Rxf7 Kxf7 24. g3 Nh3+ 25. Kg2 h5 26. Kxh3 Qf5 27. f3
hxg4+ 28. Kg2 gxf3+ 29. Qxf3 Qxc2+ 30. Re2 Qf5 31. Qxf5 gxf5 32. h4 Bh6 33. Ra2
Be3 34. Kf3 d4 35. Be1 Ke6 36. Ke2 Kd5 37. Kd3 f4 38. gxf4 Bxf4 39. Ra7 Re8 40.
Rd7+ Ke6 41. Rxd4 Be5 42. Rg4 Kd5 43. h5 Ra8 44. h6 Ra3+ 45. Ke2 f5 46. Rh4 f4
47. h7 Ra2+ 48. Kf3 Ra3+ 49. Kg4 Ra1 50. Rh5 1-0

[Event "SF Olfen 1 - SF Telgte 1"]
[Site "Verbandsliga 2017/2018"]
[Date "2018.01.20"]
[Round "5.3"]
[White "Junker, Axel"]
[Black "Beutelhoff, Josef"]
[Result "1/2-1/2"]
[WhiteElo "1878"]
[BlackElo "1971"]
[PlyCount "40"]
[EventDate "2018.??.??"]
[SourceTitle "Verband Muensterland"]
[SourceDate "2017.09.16"]
[SourceVersion "1"]
[SourceVersionDate "2017.09.16"]
[SourceQuality "1"]

1. c4 Nf6 2. Nf3 e6 3. Nc3 d5 4. d4 c6 5. Bg5 h6 6. Bxf6 Qxf6 7. Qd3 Nd7 8. e4
dxe4 9. Qxe4 Bb4 10. Rc1 O-O 11. Bd3 g6 12. a3 Bd6 13. c5 Bc7 14. b4 Qf4 15.
Qxf4 Bxf4 16. Rd1 f5 17. Bc4 Nf6 18. O-O Bd7 19. Rfe1 Rae8 20. Ne5 Bxe5 1/2-1/2

[Event "SF Olfen 1 - SF Telgte 1"]
[Site "Verbandsliga 2017/2018"]
[Date "2018.01.20"]
[Round "5.4"]
[White "Pinno, Gregor"]
[Black "Kuhlenbäumer, Alfred"]
[Result "1-0"]
[WhiteElo "1776"]
[BlackElo "1879"]
[PlyCount "45"]
[EventDate "2018.??.??"]
[SourceTitle "Verband Muensterland"]
[SourceDate "2017.09.16"]
[SourceVersion "1"]
[SourceVersionDate "2017.09.16"]
[SourceQuality "1"]

1. Nf3 b6 2. g3 Bb7 3. Bg2 e6 4. O-O Nf6 5. d3 d5 6. Nbd2 Nbd7 7. Re1 Be7 8. e4
dxe4 9. dxe4 O-O 10. Qe2 c5 11. e5 Nd5 12. c4 Nb4 13. Ne4 Qc7 14. Bf4 Rad8 15.
Rad1 Ba8 16. Nf6+ Nxf6 17. exf6 Bd6 18. fxg7 Rfe8 19. Rxd6 Rxd6 20. Ng5 f6 21.
Qh5 fxg5 22. Qxe8+ Kxg7 23. Be5+ 1-0

[Event "SF Olfen 1 - SF Telgte 1"]
[Site "Verbandsliga 2017/2018"]
[Date "2018.01.20"]
[Round "5.5"]
[White "Esser, Peter"]
[Black "Preuß, Richard"]
[Result "1-0"]
[WhiteElo "1749"]
[BlackElo "1747"]
[PlyCount "25"]
[EventDate "2018.??.??"]
[SourceTitle "Verband Muensterland"]
[SourceDate "2017.09.16"]
[SourceVersion "1"]
[SourceVersionDate "2017.09.16"]
[SourceQuality "1"]

1. e4 e6 2. d4 d5 3. e5 c5 4. c3 Nc6 5. Nf3 Qb6 6. Be2 Bd7 7. O-O Rc8 8. dxc5
Bxc5 9. Qb3 Qc7 10. Re1 Nxe5 11. Nxe5 Qxe5 12. Qxb7 Nf6 13. Qxc8+ 1-0

[Event "SF Olfen 1 - SF Telgte 1"]
[Site "Verbandsliga 2017/2018"]
[Date "2018.01.20"]
[Round "5.6"]
[White "Boenigk, Winfried"]
[Black "Dieckmann, Werner"]
[Result "1/2-1/2"]
[WhiteElo "1743"]
[BlackElo "1807"]
[PlyCount "121"]
[EventDate "2018.??.??"]
[SourceTitle "Verband Muensterland"]
[SourceDate "2017.09.16"]
[SourceVersion "1"]
[SourceVersionDate "2017.09.16"]
[SourceQuality "1"]

1. d4 Nf6 2. c4 e6 3. Nc3 d5 4. Bg5 Be7 5. e3 O-O 6. Nf3 c6 7. Rc1 h6 8. Bh4
Nbd7 9. Bd3 Re8 10. O-O dxc4 11. Bxc4 Nd5 12. Bg3 Bf6 13. e4 Nxc3 14. bxc3 b5
15. Bb3 Bb7 16. e5 Be7 17. Nd2 c5 18. f4 cxd4 19. cxd4 Nf8 20. Nf3 Bd5 21. Qd3
Bxb3 22. axb3 Qd5 23. Bf2 Bb4 24. Be3 Rac8 25. Rxc8 Rxc8 26. Rc1 Rxc1+ 27. Bxc1
a5 28. Bd2 Bxd2 29. Nxd2 Nd7 30. Ne4 a4 31. bxa4 bxa4 32. Nd2 Nc5 33. Qc4 Qxc4
34. Nxc4 Nb3 35. Kf2 Nxd4 36. Na3 f6 37. exf6 gxf6 38. g4 Kf7 39. Ke3 e5 40.
Ke4 Ke6 41. h3 Nb3 42. fxe5 fxe5 43. Nc4 Nc5+ 44. Ke3 Nd7 45. Ke4 Nf6+ 46. Ke3
Nd5+ 47. Ke4 Nc3+ 48. Kd3 Nb5 49. Ne3 Nd6 50. Kc3 a3 51. Kb3 e4 52. Kxa3 Ke5
53. Kb4 Kf4 54. Nd5+ Kg3 55. Kc5 Nf7 56. Kd4 Ng5 57. Ke3 Kxh3 58. Nf6 Kg3 59.
Ng8 Kxg4 60. Nxh6+ Kh5 61. Nf5 1/2-1/2

[Event "SF Olfen 1 - SF Telgte 1"]
[Site "Verbandsliga 2017/2018"]
[Date "2018.01.20"]
[Round "5.7"]
[White "Schenke, Conrad"]
[Black "Steffens, Gerd"]
[Result "0-1"]
[WhiteElo "1696"]
[BlackElo "1787"]
[PlyCount "74"]
[EventDate "2018.??.??"]
[SourceTitle "Verband Muensterland"]
[SourceDate "2017.09.16"]
[SourceVersion "1"]
[SourceVersionDate "2017.09.16"]
[SourceQuality "1"]

1. e4 e6 2. d4 b6 3. Nc3 Bb7 4. Bd3 Bb4 5. Bd2 f5 6. f3 Bxc3 7. Bxc3 fxe4 8.
Bxe4 Bxe4 9. fxe4 Qh4+ 10. Kd2 Qxe4 11. Qf3 Nf6 12. Re1 Qxf3 13. Nxf3 Nc6 14.
Rhf1 Nd5 15. Ne5 Nxe5 16. Rxe5 Ke7 17. Rg5 g6 18. Rg3 Rhf8 19. Rgf3 Rxf3 20.
Rxf3 Rf8 21. Rxf8 Kxf8 22. g3 Ke7 23. Kd3 Nxc3 24. Kxc3 Kf6 25. Kd3 Kf5 26. h3
h5 27. Ke3 g5 28. Kf3 g4+ 29. hxg4+ hxg4+ 30. Ke3 e5 31. c3 c5 32. d5 b5 33. b3
e4 34. d6 Ke5 35. a3 c4 36. bxc4 bxc4 37. a4 a5 0-1

[Event "SF Olfen 1 - SF Telgte 1"]
[Site "Verbandsliga 2017/2018"]
[Date "2018.01.20"]
[Round "5.8"]
[White "Limberg, Johannes"]
[Black "Köpplinger, Günter"]
[Result "1-0"]
[WhiteElo "1609"]
[BlackElo "1525"]
[PlyCount "115"]
[EventDate "2018.??.??"]
[SourceTitle "Verband Muensterland"]
[SourceDate "2017.09.16"]
[SourceVersion "1"]
[SourceVersionDate "2017.09.16"]
[SourceQuality "1"]

1. e4 d6 2. d4 Nf6 3. Nc3 g6 4. Bc4 Bg7 5. Nf3 c6 6. Bg5 b5 7. Bb3 a6 8. O-O
O-O 9. Re1 h6 10. Bxf6 exf6 11. Ne2 Qc7 12. Nf4 Kh7 13. c3 d5 14. Nd3 dxe4 15.
Rxe4 Bf5 16. Re3 Nd7 17. Nh4 Bxd3 18. Qxd3 f5 19. Rae1 c5 20. dxc5 Nxc5 21. Qd5
Nxb3 22. Qxb3 Bf6 23. Nf3 Rad8 24. a4 bxa4 25. Qxa4 Qb7 26. b3 Rc8 27. c4 Qc6
28. Qxc6 Rxc6 29. Rd1 Kg7 30. Rd5 Rb8 31. Kf1 Rb7 32. Ke2 f4 33. Red3 Rcb6 34.
Nd2 Re6+ 35. Kd1 g5 36. Rd6 Be7 37. Rxe6 fxe6 38. Ne4 Rc7 39. Kc2 a5 40. Nd6
Bxd6 41. Rxd6 Kf7 42. Ra6 Rc5 43. Kd3 Kf6 44. Kd4 Re5 45. c5 Re2 46. Rxa5 Rxf2
47. c6 Rd2+ 48. Kc3 Rd1 49. Kc2 Rd6 50. Rc5 Rd8 51. b4 Ke7 52. c7 Rc8 53. b5 g4
54. Kd3 Kd6 55. b6 Kxc5 56. b7 Rxc7 57. b8=Q Rd7+ 58. Ke2 1-0

[Event "SK Metelen 1 - Schach Nienberge 2"]
[Site "Verbandsliga 2017/2018"]
[Date "2018.01.20"]
[Round "5.2"]
[White "Koch, Alexander"]
[Black "Melkert, Tim"]
[Result "0-1"]
[WhiteElo "2013"]
[BlackElo "1946"]
[PlyCount "62"]
[EventDate "2018.??.??"]
[SourceTitle "Verband Muensterland"]
[SourceDate "2017.09.16"]
[SourceVersion "1"]
[SourceVersionDate "2017.09.16"]
[SourceQuality "1"]

1. e4 e6 2. d4 d5 3. e5 c5 4. c3 Nc6 5. Nf3 Bd7 6. Bd3 Qb6 7. O-O cxd4 8. cxd4
Nxd4 9. Nxd4 Qxd4 10. Nc3 a6 11. Re1 Qb6 12. Qg4 Ne7 13. b3 Ng6 14. h4 Qb4 15.
Qxb4 Bxb4 16. Bd2 Rc8 17. Rac1 Nxh4 18. Nb1 Rxc1 19. Rxc1 Bxd2 20. Nxd2 Ng6 21.
Nf3 Ke7 22. Rc7 Rb8 23. Bxg6 fxg6 24. Ng5 Kd8 25. Rc3 Rc8 26. Rxc8+ Bxc8 27.
Nxh7 Kc7 28. f4 Kc6 29. Kf2 Kc5 30. Ke3 Kb4 31. Nf8 Kc3 0-1

[Event "SK Metelen 1 - Schach Nienberge 2"]
[Site "Verbandsliga 2017/2018"]
[Date "2018.01.20"]
[Round "5.3"]
[White "Kipp, Lucas"]
[Black "Schudro, Vasily"]
[Result "0-1"]
[WhiteElo "1878"]
[BlackElo "2017"]
[PlyCount "78"]
[EventDate "2018.??.??"]
[SourceTitle "Verband Muensterland"]
[SourceDate "2017.09.16"]
[SourceVersion "1"]
[SourceVersionDate "2017.09.16"]
[SourceQuality "1"]

1. e4 c5 2. c3 g6 3. d4 b6 4. Be3 d6 5. Bb5+ Bd7 6. Bxd7+ Nxd7 7. Ne2 Bg7 8.
O-O Ngf6 9. f3 O-O 10. Na3 a6 11. Nc2 Qc7 12. Rc1 Rfb8 13. g4 b5 14. g5 Nh5 15.
f4 a5 16. f5 b4 17. fxg6 hxg6 18. Nf4 Nxf4 19. Rxf4 e6 20. Qf3 Nf8 21. Rf1 Ra7
22. Qf2 e5 23. Rf3 Ne6 24. d5 Nf4 25. Bxf4 exf4 26. Rxf4 bxc3 27. b3 a4 28. Qh4
axb3 29. axb3 c4 30. b4 Rbb7 31. Kh1 Qb6 32. R4f3 Re7 33. Rh3 Ra2 34. Qh7+ Kf8
35. Qxg6 Rxc2 36. Rh7 Qd4 37. Rxf7+ Rxf7 38. Qxd6+ Kg8 39. Qd8+ Rf8 0-1

[Event "SK Metelen 1 - Schach Nienberge 2"]
[Site "Verbandsliga 2017/2018"]
[Date "2018.01.20"]
[Round "5.4"]
[White "Grotenhuis, Gerard"]
[Black "Wetterau, Georg"]
[Result "1/2-1/2"]
[WhiteElo "1902"]
[BlackElo "1805"]
[PlyCount "87"]
[EventDate "2018.??.??"]
[SourceTitle "Verband Muensterland"]
[SourceDate "2017.09.16"]
[SourceVersion "1"]
[SourceVersionDate "2017.09.16"]
[SourceQuality "1"]

1. b3 e5 2. Bb2 d6 3. e3 Nd7 4. c4 Ngf6 5. Nc3 g6 6. Qc2 Bg7 7. Nf3 O-O 8. d4
exd4 9. exd4 Re8+ 10. Be2 Nf8 11. O-O Bf5 12. Bd3 Bg4 13. Ng5 Nh5 14. Nce4 f5
15. Nf7 Kxf7 16. f3 Bh3 17. Ng3 Bxg2 18. Qxg2 Nf4 19. Qc2 Nxd3 20. Qxd3 Kg8 21.
Kh1 Ne6 22. Qd2 Qf6 23. Rad1 c5 24. Ne2 cxd4 25. Nxd4 Nxd4 26. Bxd4 Qxd4 27.
Qxd4 Bxd4 28. Rxd4 Re2 29. Rxd6 Rxa2 30. Rfd1 Re8 31. Rd8 Kf8 32. R1d7 Rxd8 33.
Rxd8+ Ke7 34. Rh8 b6 35. Rxh7+ Kf6 36. f4 Rb2 37. Rxa7 Rxb3 38. Kg2 Rc3 39. Rb7
Rxc4 40. Rxb6+ Kg7 41. Kg3 Rc3+ 42. Kf2 Kh6 43. Kg2 Kh5 44. h3 1/2-1/2

[Event "SK Metelen 1 - Schach Nienberge 2"]
[Site "Verbandsliga 2017/2018"]
[Date "2018.01.20"]
[Round "5.5"]
[White "Schipke, Thorsten"]
[Black "Zachej, Arne"]
[Result "1-0"]
[WhiteElo "1839"]
[BlackElo "1870"]
[PlyCount "121"]
[EventDate "2018.??.??"]
[SourceTitle "Verband Muensterland"]
[SourceDate "2017.09.16"]
[SourceVersion "1"]
[SourceVersionDate "2017.09.16"]
[SourceQuality "1"]

1. e4 c5 2. Nc3 e6 3. f4 Nc6 4. Nf3 d5 5. e5 a6 6. d3 Nge7 7. Be2 b5 8. O-O g6
9. Bd2 Bg7 10. Qe1 Nf5 11. Nd1 Qb6 12. c3 h5 13. Qf2 Bb7 14. Ne3 Nxe3 15. Bxe3
Bf8 16. b4 d4 17. cxd4 Nxb4 18. dxc5 Qd8 19. Rfd1 Rc8 20. d4 Bxf3 21. Bxf3 Nd5
22. Rdc1 Bh6 23. g3 Qd7 24. Bxd5 Qxd5 25. Qg2 Qxg2+ 26. Kxg2 Kd7 27. Kf3 Kc6
28. Rab1 a5 29. Rb2 Rc7 30. Rcb1 Rb8 31. Ke4 Bf8 32. h3 Be7 33. g4 hxg4 34.
hxg4 Rcc8 35. Bd2 a4 36. Rh1 Rh8 37. Rbb1 Rbg8 38. Be3 Rh4 39. Rxh4 Bxh4 40. g5
Bxg5 41. fxg5 Rh8 42. Rf1 Rh4+ 43. Kd3 Rh7 44. Ke4 Rh4+ 45. Bf4 Rh8 46. Rf2 Rd8
47. Rh2 Rd7 48. Rh8 Kb7 49. Bd2 Rd5 50. Re8 Rd7 51. Kd3 Kc7 52. Ba5+ Kb7 53.
Bd8 Kc6 54. Bb6 Kb7 55. Kc3 Kc6 56. Rc8+ Kb7 57. c6+ Kxc8 58. cxd7+ Kxd7 59.
Kb4 Kc6 60. Bc5 f5 61. exf6 1-0

[Event "SK Metelen 1 - Schach Nienberge 2"]
[Site "Verbandsliga 2017/2018"]
[Date "2018.01.20"]
[Round "5.6"]
[White "Wigger, Frank"]
[Black "Schulte Austum, Frank"]
[Result "1/2-1/2"]
[WhiteElo "1794"]
[BlackElo "1744"]
[PlyCount "87"]
[EventDate "2018.??.??"]
[SourceTitle "Verband Muensterland"]
[SourceDate "2017.09.16"]
[SourceVersion "1"]
[SourceVersionDate "2017.09.16"]
[SourceQuality "1"]

1. e4 c6 2. d4 Na6 3. c4 Nc7 4. Nc3 d5 5. Bf4 Ne6 6. Be3 dxe4 7. Nxe4 g6 8. Qd2
f5 9. Nc3 Nf6 10. Be2 Bg7 11. Rd1 O-O 12. h4 Qc7 13. Nh3 Ng4 14. Bxg4 fxg4 15.
Ng5 Nf4 16. O-O h6 17. Nge4 Kh7 18. Rfe1 Nh5 19. Ne2 Bf5 20. N2g3 Nxg3 21. Nxg3
e6 22. h5 g5 23. Re2 Rad8 24. Rde1 Rd7 25. Qb4 Rff7 26. Rd2 Qd8 27. Red1 Bf8
28. Qa4 a6 29. b4 Bd6 30. Qb3 Qc7 31. Nf1 Bf4 32. g3 Bd6 33. a3 Be4 34. c5 Bf8
35. Qxe6 Rde7 36. Qb3 Qd7 37. Nh2 Qf5 38. Qb2 Bd5 39. Qc2 Be4 40. Qc4 Bd5 41.
Qe2 Qe4 42. Qd3 Kg8 43. Qxe4 Rxe4 44. Rd3 1/2-1/2

[Event "SK Metelen 1 - Schach Nienberge 2"]
[Site "Verbandsliga 2017/2018"]
[Date "2018.01.20"]
[Round "5.7"]
[White "Scharlow, Siegmar"]
[Black "Denkler, Jürgen"]
[Result "1/2-1/2"]
[WhiteElo "1691"]
[BlackElo "1696"]
[PlyCount "91"]
[EventDate "2018.??.??"]
[SourceTitle "Verband Muensterland"]
[SourceDate "2017.09.16"]
[SourceVersion "1"]
[SourceVersionDate "2017.09.16"]
[SourceQuality "1"]

1. d4 Nf6 2. c4 g6 3. Nc3 Bg7 4. e4 d6 5. f3 O-O 6. Be3 e5 7. d5 Ne8 8. g4 f5
9. gxf5 gxf5 10. Qd2 c6 11. O-O-O Na6 12. Bh6 c5 13. Bxg7 Nxg7 14. a3 Nc7 15.
Nge2 f4 16. Kb1 Bd7 17. Nc1 a6 18. Bd3 Kh8 19. Rdg1 Nh5 20. Qg2 Rg8 21. Qf2 Qe7
22. Nb3 b6 23. Nd2 b5 24. Qf1 b4 25. axb4 cxb4 26. Na2 a5 27. b3 Na6 28. Bc2
Nc5 29. Nc1 Nf6 30. Nd3 Nxd3 31. Qxd3 Be8 32. Qe2 Nd7 33. Rxg8+ Kxg8 34. Qg2+
Kh8 35. Rg1 Bg6 36. Qg5 Qxg5 37. Rxg5 Nc5 38. Kb2 Kg7 39. Rg1 Kf6 40. Bb1 Ra7
41. Bc2 Rg7 42. Kc1 Be8 43. Rxg7 Kxg7 44. Kd1 Kg6 45. Ke1 Kg5 46. Kf2 1/2-1/2